Advances in site characterization : (Record no. 1075)
[ view plain ]
| 000 -LEADER | |
|---|---|
| fixed length control field | 00694 a2200109 4500 |
| 020 ## - INTERNATIONAL STANDARD BOOK NUMBER | |
| International Standard Book Number | 0872629848 |
| 082 ## - DEWEY DECIMAL CLASSIFICATION NUMBER | |
| Classification number | 624.15 CAR |
| 245 ## - TITLE STATEMENT | |
| Title | Advances in site characterization : |
| Remainder of title | data acquisition, data management, and data interpretation : proceedings of a symposium sponsored by the Committee on Engineering Geology and the Committee on Soil Properties of the Geotechnical Engineering Division of the American Society of Civil Engineers in conjunction with the ASCE Convention in Dallas, Texas, October 27-28, 1993 / |
| Statement of responsibility, etc. | edited by Carlton L. Ho and Roman D. Hryciw. |
| 260 ## - PUBLICATION, DISTRIBUTION, ETC. | |
| Place of publication, distribution, etc. | New York, NY : |
| Name of publisher, distributor, etc. | ASCE, |
| Date of publication, distribution, etc. | 1993. |
| 300 ## - PHYSICAL DESCRIPTION | |
| Extent | v, 116 p. : |
| Other physical details | ill.; |
| Dimensions | 22 cm. |
| 650 ## - SUBJECT ADDED ENTRY--TOPICAL TERM | |
| Topical term or geographic name entry element | Soil mechanics |
| General subdivision | Congresses. |
| 650 ## - SUBJECT ADDED ENTRY--TOPICAL TERM | |
| Topical term or geographic name entry element | Building sites |
| General subdivision | Congresses. |
| Withdrawn status | Lost status | Damaged status | Not for loan | Permanent Location | Current Location | Shelving location | Date acquired | Total Checkouts | Full call number | Barcode | Date last seen | Price effective from | Koha item type |
|---|---|---|---|---|---|---|---|---|---|---|---|---|---|
| School of Civil and Environmental Engineering (SCEE) | School of Civil and Environmental Engineering (SCEE) | 624.15 CAR | NIT-361 | 01/05/2017 | 01/05/2017 | Book | |||||||
| School of Civil and Environmental Engineering (SCEE) | School of Civil and Environmental Engineering (SCEE) | NIT-149 | 01/05/2017 | 01/05/2017 | Book |
